000 01479nam a2200361 a 4500
001 000116332
003 CHAP
005 20220329144610.0
008 191216s2019 mx a |sm |||||||spa d
010 _a112793
011 _a113765
040 _cCHAP
090 _aTesis
100 1 _aBarrios Morgado, Dulce Rubí.
_9137151
245 1 0 _aEvaluación de la sensibilidad in vitro de fungicidas para el control de Stemphylium vesicarium en el cultivo de pera rocha (Pyrus communis) en Portugal
_h[En línea]
_cpor Dulce Rubí Barrios Morgado y Ilse Yanerith López Hernández.
260 _aChapingo, Méx. :
_bEl autor,
_c2019.
500 _aPara ver el contenido del material haga clic en la liga
502 _aTesis (Ing. Agr. Esp. en Parasitología Agrícola) -- UACH. Departamento de Parasitología Agrícola
590 _aBATCH-UPD
_b05
_c20191216
_lUCH01
_h1021
590 _aBATCH-UPD
_b05
_c20191216
_lUCH01
_h1108
590 _aE6339RRR
_b05
_c20191216
_lUCH01
_h1020
590 _aE6339RRR
_b05
_c20191216
_lUCH01
_h1020
590 _aE6339RRR
_b05
_c20191216
_lUCH01
_h1107
650 1 4 _aFungicidas
_xAplicación.
_9126604
650 1 4 _aHongos fitopatógenos
_xControl.
_9129457
650 1 4 _aPera
_xEnfermedades por hongos.
_986970
650 1 4 _aStemphylium vesicarium.
_9109638
700 1 _aLópez Hernández, Ilse Yenerith.
_9137152
856 _aFinding aid
_uhttp://10.13.5.2/tesis/sist116332.pdf
_zTeclea aquí
901 _aBK
942 _cTESIS
942 _n0
999 _c112793
_d112793